Směrnice pro hnojení polních zelenin /

Hlavní autor: Polách, Jan
Jazyk: Čeština
Vydáno: Praha : Ústav vědeckotechnických informací, 1968
Edice: Metodiky pro zavádění výsledků výzkumu do praxe
Témata:
Fyzický popis: 21 s. ; 8°
Knihy
Uloženo v:
LEADER 01144nam a22003252a 4500
001 001610880
003 CZ BrMZK
005 20180328163407.0
007 ta
008 180108s1968 xr er|||||||||||cze d
015 |a cnb000425694 
035 |a (OCoLC)42145756 
040 |a ABA001  |b cze  |c ABA001  |d ABA001  |d BOA001 
072 7 |a 633  |x Rostlinná výroba  |2 Konspekt  |9 24 
080 |a 633  |2 MRF 
080 |a 631.8  |2 MRF 
080 |a (072)  |2 MRF 
100 1 |a Polách, Jan  |7 jk01100155  |4 aut 
245 1 0 |a Směrnice pro hnojení polních zelenin /  |c zpracoval Jan Polách 
260 |a Praha :  |b Ústav vědeckotechnických informací,  |c 1968 
300 |a 21 s. ;  |c 8° 
490 1 |a Metodiky pro zavádění výsledků výzkumu do praxe ;  |v sv. 21, 1968 
650 0 7 |a pěstování polních rostlin  |7 ph183359  |2 czenas 
650 0 7 |a hnojení  |7 ph120767  |2 czenas 
655 7 |a metodické příručky  |7 fd132826  |2 czenas 
830 0 |a Metodiky pro zavádění výsledků výzkumu do praxe 
910 |a BOA001  |b X-0615.735 
990 |a BK 
991 |b 201801 
996 6 |b 2618921058  |c X-0615.735  |l MZK  |r Sklad / do 24 hodin  |n 0  |w 001646430  |u 000010  |a 1  |e BOA001  |j MZK50  |s P